Southville International School and Colleges
Your cart is empty.
  • Cart
  • Lists
    Public lists Eva Luna New books Lux_list list_1
    Your lists Log in to create your own lists
  • Log in to your account
  • Your cookies
  • Search history
Southville International School and Colleges
  • Advanced search
  • Recent comments
  • Most popular
  • Libraries

Log in to your account

Log in with GOOGLE


If you do not have an external account, but do have a local account, you can still log in:

  1. Home
  2. MARC view: Beyond the void
Normal view MARC view ISBD view

Beyond the void (Record no. 11622)

[ view plain ]
MARC details
000 -LEADER
fixed length control field 00505nam a22001937a 4500
003 - CONTROL NUMBER IDENTIFIER
control field PILC
005 - DATE AND TIME OF LATEST TRANSACTION
control field 20160129105141.0
008 - FIXED-LENGTH DATA ELEMENTS--GENERAL INFORMATION
fixed length control field 121115t xxu||||| |||| 00| 0 eng d
020 ## - INTERNATIONAL STANDARD BOOK NUMBER
International Standard Book Number 9780441141562
050 ## - LIBRARY OF CONGRESS CALL NUMBER
Classification number PS 3553
Item number .D152 1991
082 ## - DEWEY DECIMAL CLASSIFICATION NUMBER
Classification number FIC
Item number D17o 1991
100 ## - MAIN ENTRY--PERSONAL NAME
Personal name Dalton, Sean
9 (RLIN) 20747
245 ## - TITLE STATEMENT
Title Beyond the void
Statement of responsibility, etc Sean Dalton
260 ## - PUBLICATION, DISTRIBUTION, ETC. (IMPRINT)
Place of publication, distribution, etc New York :
Name of publisher, distributor, etc Ace Books,
Date of publication, distribution, etc 1991.
300 ## - PHYSICAL DESCRIPTION
Extent 203 p. :
Dimensions 17 cm
440 ## - SERIES STATEMENT/ADDED ENTRY--TITLE
Title Operation Starhawks book three
942 ## - ADDED ENTRY ELEMENTS (KOHA)
Source of classification or shelving scheme Library of Congress Classification
Koha item type Books
Holdings
Withdrawn status Lost status Source of classification or shelving scheme Damaged status Home library Current library Shelving location Date acquired Total Checkouts Full call number Barcode Date last seen Copy number Price effective from Koha item type
    Library of Congress Classification   Luxembourg Library Luxembourg Library Fiction Section 09/18/2013   PS 3553 .D152 1991 4063 07/01/2015 1 09/18/2013 Books

Beyond the void

APA

Dalton S., . (1991). Beyond the void. New York: Ace Books.

Chicago

Dalton Sean, . 1991. Beyond the void. New York: Ace Books.

Harvard

Dalton S., . (1991). Beyond the void. New York: Ace Books.

MLA

Dalton Sean, . Beyond the void. New York: Ace Books. 1991.

  • Place hold
  • Print
  • Cite
  • Add to your cart (remove)
  • Save record
    BIBTEX Dublin Core MARCXML MARC (non-Unicode/MARC-8) MARC (Unicode/UTF-8) MARC (Unicode/UTF-8, Standard) MODS (XML) RIS
  • More searches
    Search for this title in:
    Other Libraries (WorldCat) Other Databases (Google Scholar) Online Stores (Bookfinder.com) Open Library (openlibrary.org)

Exporting to Dublin Core...

SOUTHVILLE LIBRARY

Southville International School and Colleges Library

1281 Tropical Ave. Cor. Luxembourg St., BF Homes International, Las Pinas City

Tel. No. 8256374 / 252358 Loc. 117/146

Powered by Koha